Car logos unrecognizable - Statistics

General Stats
  • This quiz has been taken 24 times
  • The average score is 6 of 10
Answer Stats
Picture Answer % Correct
wiesmann
89%
lifan
68%
luxgen
68%
aspark
58%
hommel
58%
berliet
53%
golden dragon
53%
oltcit
53%
pegaso
53%
soueast
53%
No matching quizzes found
Score Distribution
Percent of People with Each Score
Percentile by Number Answered
Your Score History
You have not taken this quiz